000 00834nam a2200277 i 4500
001 000030594
003 DO-SdBNP
005 20240122092542.0
007 ta
008 110524s1984 dr a 000 p spa d
040 _aDO-SdBNP
_bspa
_cBNPHU
_erda
082 4 _aRD861.4408
_bD278e
_222
245 0 0 _aDe estos días :
_bantología.
260 _aSanto Domingo :
264 _aSanto Domingo :
_b UASD,
_c1984.
300 _a112 páginas :
_bilustraciones ;
_c21 cm.
336 _2rdacontent
_atexto
_btxt
337 _2rdamedia
_asin mediación
_bn
338 _2rdacarrier
_avolumen
_bnc
490 0 _aExtensión ;
_v4
590 _aInventariado, 2023/MFF
650 4 _aPoesía dominicana
_vColecciones
650 4 _aLiteratura dominicana
_vColecciones
_97123
910 _aValidado. Control de calidad MFF
942 _2ddc
_cLBS1
999 _c30086
_d30086